000
00309nam a2200121Ia 4500
008
190216s9999||||xx |||||||||||||| ||und||
100
_a
Roy A C
245
0
_a
International Relations Since 1919
260
_b
The World Press Pvt Ltd
_c
1987
300
_a
648p
650
_a
International Relations
942
_c
BK
999
_c
19954
_d
19954